Vybrané problémy navrhovania konštrukcií na účinky požiaru : Habilitačná práca

Guardado en:
Detalles Bibliográficos
Autor principal: Štujberová, Magdaléna, 1967- (Autor)
Formato: Manuscrito Libro
Lenguaje:eslovaco
Publicado: Bratislava : STU v Bratislave SvF, 2008
Etiquetas: Agregar Etiqueta
Sin Etiquetas, Sea el primero en etiquetar este registro!

MARC

LEADER 00000ntm a22000003a 4500
001 stu180223
005 20150617230046.4
008 090217s2008----xo------------------slo-d
040 |a STU  |b slo 
041 0 |a slo 
044 |a xo 
100 1 |a Štujberová, Magdaléna,  |d 1967-  |4 aut  |u V190  |U SvF Stavebná fakulta  |T SvF Katedra kovových a drevených konštrukcií  |X 867  |U V190  |Y 21  |7 A000000867 
245 1 |a Vybrané problémy navrhovania konštrukcií na účinky požiaru :  |b Habilitačná práca 
260 |a Bratislava :  |b STU v Bratislave SvF,  |c 2008 
300 |a 94 s 
996 |b 284V037593  |c V*2417/HP-131  |l VVS  |s A  |a 24  |w stu180223_0001